| 000 | 00448nam a2200145 a 4500 | ||
|---|---|---|---|
| 001 | 000029325 | ||
| 005 | 20200930055458.0 | ||
| 008 | 110414s2003 dr 000 0 spa d | ||
| 040 |
_aDO-SdBNP _bspa _cBNPHU |
||
| 245 | 0 | 0 |
_aFirst international photographic circuit of the caribbean / _ceditor Otto Zalm,. |
| 260 |
_a[Santo Domingo ] : _bUNESCO, _c2003. |
||
| 300 |
_a127 p. ; : _bil., retrs. ; _c23 cm. |
||
| 700 | 1 |
_aZalm, Otto _956206 |
|
| 049 | _aBNPD | ||
| 999 |
_c28817 _d28817 |
||